00614nam a2200169 i 450000100060000000300090000600500170001500700030003200800410003510000400007624500900011626000340020630000330024085200320027399900170030595201220032261618ES-MaACL20230906164514.0t|031113s1970 sp ||||1| cat d1 aFábregas y Barri, Esteban.94856310aJosep de Togores b: l'obra, l'home, l'epoca (1893-1970) / cEsteve Fabregas i Barri. aBarcelona : bA dos, c[1970] a254 p., 15 lám. ; c22 cm. aES-MaACLjC-44725 bR.75607 c61618d61618 00104070aATENEOMbATENEOMcDEPO2d2008-01-17eSCl0oC-44725p1064609r2023-02-23 00:00:00w2023-02-23yMONOGRAFIA